000 00993nam a22001937a 4500
999 _c61075
_d61075
003 Ge_BSU
005 20231213152510.0
008 231213s2018 ge ||||| |||| 00| 0 geo d
041 _ageo
080 _a635.9 ტ-96
100 _aტყავაძე, მ.
_920711
245 _aდეკორაციული დენდროლოგია :
_bწიგნი 2, ნაწილი 2 (ფარულთესლოვან მერქნიან მცენარეთა სისტემატიკა და დახასიათება) /
_cმ. ტყავაძე, რ. კილაძე, ე. გუბელაძე.
264 _aქუთაისი :
_bაწსუ,
_c2018.
300 _a338 გვ.:
_bილ.;
_c28 სმ.
504 _aბიბლიოგრ. გვ. 331-333
700 _a კილაძე, რ.
_eავტორი
_920712
700 _a გუბელაძე, ე
_eავტორი
_920713
942 _2udc
_cᲬᲘᲒᲜᲘ